ბათუმის შოთა რუსთაველის სახელმწიფო უნივერსიტეტის ბიბლიოთეკა

250 Brief, Creative & Practical Art Therapy Techniques / (ბიბ.ჩანაწერი № 62284)

000 -LEADER
fixed length control field 00612nam a22001817a 4500
005 - DATE AND TIME OF LATEST TRANSACTION
control field 20240916115342.0
008 - FIXED-LENGTH DATA ELEMENTS--GENERAL INFORMATION
fixed length control field 240916s2017 enk||||| |||| 00| 0 eng d
020 ## - INTERNATIONAL STANDARD BOOK NUMBER
International Standard Book Number 9781683730958x
041 ## - LANGUAGE CODE
Language code of text/sound track or separate title eng
080 ## - UNIVERSAL DECIMAL CLASSIFICATION NUMBER
Universal Decimal Classification number 159.9:61 B-92
100 ## - MAIN ENTRY--PERSONAL NAME
Personal name Buchalter, Susan I.
9 (RLIN) 23225
245 ## - TITLE STATEMENT
Title 250 Brief, Creative & Practical Art Therapy Techniques /
Statement of responsibility, etc. A Guide for Clinicians and Clients.
264 ## - PRODUCTION, PUBLICATION, DISTRIBUTION, MANUFACTURE, AND COPYRIGHT NOTICE
Place of production, publication, distribution, manufacture Middetown :
Name of producer, publisher, distributor, manufacturer ‎PESI Publishing & Media,
Date of production, publication, distribution, manufacture, or copyright notice 2017.
300 ## - PHYSICAL DESCRIPTION
Extent 204 p.:
Other physical details ill.;
Dimensions 28 cm.
653 ## - INDEX TERM--UNCONTROLLED
keyword არტთერაპიის ტექნიკა
653 ## - INDEX TERM--UNCONTROLLED
keyword მედიცინა
942 ## - ADDED ENTRY ELEMENTS (KOHA)
Source of classification or shelving scheme
Koha item type წიგნი
ეგზემპლარები
Withdrawn status Lost status Source of classification or shelving scheme Damaged status Not for loan Permanent Location Current Location Shelving location Date acquired Cost, normal purchase price Full call number Barcode Date last seen Copy number Price effective from Koha item type Public note
          ბათუმის შოთა რუსთაველის სახელმწიფო უნივერსიტეტის მთავარი ბიბლიოთეკა ბათუმის შოთა რუსთაველის სახელმწიფო უნივერსიტეტის მთავარი ბიბლიოთეკა წიგნსაცავი 2024-09-16 96.00 159.9:61 B-92 68865 2024-09-16 68865 2024-09-16 წიგნი 96 ლ.
          ბათუმის შოთა რუსთაველის სახელმწიფო უნივერსიტეტის მთავარი ბიბლიოთეკა ბათუმის შოთა რუსთაველის სახელმწიფო უნივერსიტეტის მთავარი ბიბლიოთეკა წიგნსაცავი 2024-09-16 96.00 159.9:61 B-92 68864 2024-09-16 68864 2024-09-16 წიგნი 96 ლ.